00880nam a22002417a 4500001000500000005001700005020001500022040002300037050001500060082001100075100003400086245008400120250004600204260003600250300004300286490002400329505000800353520016200361521002000523521002000543650005200563700002300615375120240429140741.0 a0590405306 aDLCcDLCdDLCbeng00aPZ7.S6852400a813.541 aSobol, Donald J.,d1924-2012.10aEncyclopedia Brown carries on /cby Donald J. Sobol ; illustrated by Ib Ohlsson aThis edition published by Scholastic Inc  aNew York :bScholastic ,c1982  a72 pages : billustrations ;c20 cm .  a Encyclopedia Brown aN  aOnce again America's 10-year-old Sherlock Holmes in sneakers is called upon to help his police-chief father and the neighborhood children solve 10 mysteries. a570 bLexile  aN bRaz-Plus  1aMystery and detective storiesvjuvenile fiction1 aOhlsson, Ibd1935-